Etelä-Karjalan naapurikunnat - Statistics

Yleistilastot
  • Tätä visaa on pelattu 18 kertaa
  • Keskiarvotulos 7 / 9
Vastaustilastot
Kunta % Oikein
Kouvola
100%
Kitee
93%
Mikkeli
93%
Savonlinna
86%
Hamina
79%
Puumala
79%
Sulkava
79%
Miehikkälä
71%
Mäntyharju
57%
Ehtoja vastaavia visoja ei löytynyt
Tulosjakauma
Jokaisen tuloksen saaneiden osuus
Persentiili vastausten määrän mukaan
Tuloshistoriasi
Et ole pelannut tätä visaa